[Event "FICGS theme 0000 email"]
[Site "FICGS email"]
[Date "2007.08.02"]
[Round "1"]
[White "Schwarz, Ingo"]
[Black "Nagy, Attila"]
[Result "1-0"]
[WhiteElo "1656"]
[BlackElo "1677"]
[PlyCount "21"]
[EventDate "2007.??.??"]
[EventType "swiss (corr)"]
[EventRounds "1"]
[SourceTitle "Corr 2022"]
[Source "ChessBase"]
[SourceDate "2021.10.24"]
[SourceVersion "1"]
[SourceVersionDate "2021.10.24"]
[SourceQuality "1"]

1. e4 c5 2. Nf3 e6 3. d4 cxd4 4. Nxd4 Bc5 5. Be3 Qb6 6. b3 Nc6 7. c3 Nxd4 8. Bxd4 Nf6 9. f3 d5 10. e5 Nd7 11. f4 1-0

[Event "FICGS theme 0000 email"]
[Site "FICGS email"]
[Date "2007.06.18"]
[Round "1"]
[White "Gaffagan, Steven"]
[Black "Nagy, Attila"]
[Result "0-1"]
[WhiteElo "2067"]
[BlackElo "1549"]
[PlyCount "20"]
[EventDate "2007.??.??"]
[EventType "swiss (corr)"]
[EventRounds "1"]
[SourceTitle "Corr 2022"]
[Source "ChessBase"]
[SourceDate "2021.10.24"]
[SourceVersion "1"]
[SourceVersionDate "2021.10.24"]
[SourceQuality "1"]

1. e4 c5 2. Nf3 d6 3. d4 cxd4 4. Nxd4 Nf6 5. Nc3 a6 6. Be3 e6 7. g4 e5 8. Nf5 g6 9. g5 gxf5 10. exf5 d5 0-1

[Event "FICGS theme 0000 email"]
[Site "FICGS email"]
[Date "2007.06.18"]
[Round "1"]
[White "Nagy, Attila"]
[Black "D Ettorre, Rodolfo"]
[Result "0-1"]
[WhiteElo "1549"]
[BlackElo "1400"]
[PlyCount "36"]
[EventDate "2007.??.??"]
[EventType "swiss (corr)"]
[EventRounds "1"]
[SourceTitle "Corr 2022"]
[Source "ChessBase"]
[SourceDate "2021.10.24"]
[SourceVersion "1"]
[SourceVersionDate "2021.10.24"]
[SourceQuality "1"]

1. e4 c5 2. Nf3 d6 3. d4 cxd4 4. Nxd4 Nf6 5. Nc3 a6 6. Be3 e6 7. g4 e5 8. Nf5 g6 9. g5 gxf5 10. exf5 d5 11. gxf6 d4 12. Bc4 Qc7 13. Qd3 dxe3 14. fxe3 b5 15. Bd5 Nc6 16. 0-0-0 Bb7 17. Bf3 Nb4 18. Qe2 e4 0-1

[Event "FICGS class E 000053 email"]
[Site "FICGS email"]
[Date "2007.06.15"]
[Round "1"]
[White "Berg, Allen"]
[Black "Nagy, Attila"]
[Result "1-0"]
[WhiteElo "1400"]
[BlackElo "1549"]
[PlyCount "21"]
[EventDate "2007.??.??"]
[EventType "tourn (corr)"]
[EventRounds "5"]
[SourceTitle "Corr 2022"]
[Source "ChessBase"]
[SourceDate "2021.10.24"]
[SourceVersion "1"]
[SourceVersionDate "2021.10.24"]
[SourceQuality "1"]

1. e4 d5 2. exd5 Qxd5 3. Nc3 Qa5 4. f4 Nf6 5. Nf3 Nc6 6. Bc4 Bg4 7. 0-0 Qc5+ 8. d4 Qxc4 9. b3 Qxc3 10. Bd2 Bxf3 11. Bxc3 1-0

[Event "FICGS class E 000053 email"]
[Site "FICGS email"]
[Date "2007.06.15"]
[Round "1"]
[White "Nagy, Attila"]
[Black "Menzies, Colin"]
[Result "0-1"]
[WhiteElo "1549"]
[BlackElo "1422"]
[PlyCount "22"]
[EventDate "2007.??.??"]
[EventType "tourn (corr)"]
[EventRounds "5"]
[SourceTitle "Corr 2022"]
[Source "ChessBase"]
[SourceDate "2021.10.24"]
[SourceVersion "1"]
[SourceVersionDate "2021.10.24"]
[SourceQuality "1"]

1. e4 c5 2. Nf3 Nf6 3. Nc3 d5 4. exd5 Nxd5 5. Bc4 Nxc3 6. bxc3 e6 7. 0-0 Bd6 8. d4 0-0 9. Qe2 Nd7 10. Bg5 Be7 11. Bxe7 Qxe7 0-1

[Event "FICGS class E 000053 email"]
[Site "FICGS email"]
[Date "2007.06.15"]
[Round "1"]
[White "Nagy, Attila"]
[Black "Von Buttlar, Paul"]
[Result "0-1"]
[WhiteElo "1549"]
[BlackElo "1386"]
[PlyCount "26"]
[EventDate "2007.??.??"]
[EventType "tourn (corr)"]
[EventRounds "5"]
[SourceTitle "Corr 2022"]
[Source "ChessBase"]
[SourceDate "2021.10.24"]
[SourceVersion "1"]
[SourceVersionDate "2021.10.24"]
[SourceQuality "1"]

1. e4 e6 2. b3 d5 3. Bb2 dxe4 4. Nc3 f5 5. d3 Nf6 6. dxe4 Qxd1+ 7. Rxd1 fxe4 8. Nh3 Bc5 9. Ng5 e3 10. fxe3 Bxe3 11. Nce4 Nxe4 12. Nxe4 0-0 13. Rd3 Bf4 0-1

[Event "FICGS rapid B 000051 email"]
[Site "FICGS email"]
[Date "2007.05.07"]
[Round "1"]
[White "Nagy, Attila"]
[Black "Nent, Alexander"]
[Result "1/2-1/2"]
[WhiteElo "1549"]
[BlackElo "1593"]
[PlyCount "64"]
[EventDate "2007.??.??"]
[EventType "tourn (rapid)"]
[EventRounds "6"]
[SourceTitle "Corr 2022"]
[Source "ChessBase"]
[SourceDate "2021.10.24"]
[SourceVersion "1"]
[SourceVersionDate "2021.10.24"]
[SourceQuality "1"]

1. e4 e6 2. d4 d5 3. e5 c5 4. c3 Nc6 5. Nf3 Bd7 6. Be2 f6 7. 0-0 Qc7 8. exf6 Nxf6 9. Na3 a6 10. Be3 cxd4 11. cxd4 Bd6 12. Rc1 0-0 13. Nc2 Ng4 14. h3 Nxe3 15. fxe3 Qb6 16. b3 Rf6 17. Bd3 Raf8 18. Qe2 h6 19. Kh1 Ne7 20. Ne5 Bxe5 21. dxe5 Rxf1+ 22. Rxf1 Rxf1+ 23. Qxf1 Qc7 24. Qf4 Nc6 25. Bg6 Nxe5 26. Bh5 Qxc2 27. Qxe5 b5 28. Kh2 Qf5 29. Qb8+ Qf8 30. Qe5 b4 31. Bg6 a5 32. e4 dxe4 1/2-1/2

[Event "FICGS class D 000043 email"]
[Site "FICGS email"]
[Date "2007.05.01"]
[Round "1"]
[White "Lopez, Victor"]
[Black "Nagy, Attila"]
[Result "1-0"]
[WhiteElo "1627"]
[BlackElo "1549"]
[PlyCount "21"]
[EventDate "2007.??.??"]
[EventType "tourn (corr)"]
[EventRounds "6"]
[SourceTitle "Corr 2022"]
[Source "ChessBase"]
[SourceDate "2021.10.24"]
[SourceVersion "1"]
[SourceVersionDate "2021.10.24"]
[SourceQuality "1"]

1. e4 c5 2. Nc3 Nc6 3. Nge2 d6 4. d4 cxd4 5. Nxd4 Nf6 6. Bb5 Bd7 7. 0-0 g6 8. Nf3 Bg7 9. Re1 0-0 10. Nd5 a6 11. Bd3 1-0

[Event "FICGS class E 000047 email"]
[Site "FICGS email"]
[Date "2007.04.25"]
[Round "1"]
[White "Cirulis, Ilmars"]
[Black "Nagy, Attila"]
[Result "1-0"]
[WhiteElo "1299"]
[BlackElo "1300"]
[PlyCount "29"]
[EventDate "2007.??.??"]
[EventType "tourn (corr)"]
[EventRounds "5"]
[SourceTitle "Corr 2022"]
[Source "ChessBase"]
[SourceDate "2021.10.24"]
[SourceVersion "1"]
[SourceVersionDate "2021.10.24"]
[SourceQuality "1"]

1. f4 g6 2. Nf3 Bg7 3. Nc3 d6 4. e4 Nc6 5. d4 Bg4 6. Be3 Bxf3 7. gxf3 e6 8. d5 exd5 9. exd5 Nce7 10. Qd3 Nf5 11. 0-0-0 Nge7 12. Bf2 0-0 13. Ne4 c6 14. dxc6 bxc6 15. Nxd6 1-0

[Event "FICGS class E 000044 email"]
[Site "FICGS email"]
[Date "2007.04.09"]
[Round "1"]
[White "Nagy, Attila"]
[Black "Blouin, Aaron"]
[Result "1-0"]
[WhiteElo "1300"]
[BlackElo "1458"]
[PlyCount "35"]
[EventDate "2007.??.??"]
[EventType "tourn (corr)"]
[EventRounds "5"]
[SourceTitle "Corr 2022"]
[Source "ChessBase"]
[SourceDate "2021.10.24"]
[SourceVersion "1"]
[SourceVersionDate "2021.10.24"]
[SourceQuality "1"]

1. e4 e6 2. b3 g6 3. Bb2 d6 4. Bxh8 f6 5. h4 Bh6 6. h5 Nc6 7. hxg6 hxg6 8. Nc3 f5 9. exf5 gxf5 10. Qh5+ Kd7 11. Qf7+ Nce7 12. Bf6 Qe8 13. Qxe8+ Kxe8 14. Bxe7 Nxe7 15. Rxh6 b6 16. Nh3 e5 17. Ba6 Bxa6 18. Rh8+ 1-0

[Event "FICGS class E 000044 email"]
[Site "FICGS email"]
[Date "2007.04.09"]
[Round "1"]
[White "Nagy, Attila"]
[Black "Oakley, Johnny"]
[Result "1-0"]
[WhiteElo "1300"]
[BlackElo "1400"]
[PlyCount "27"]
[EventDate "2007.??.??"]
[EventType "tourn (corr)"]
[EventRounds "5"]
[SourceTitle "Corr 2022"]
[Source "ChessBase"]
[SourceDate "2021.10.24"]
[SourceVersion "1"]
[SourceVersionDate "2021.10.24"]
[SourceQuality "1"]

1. e4 d5 2. e5 c5 3. Nf3 Bg4 4. c3 Nc6 5. Bb5 Qb6 6. Na3 e6 7. h3 Bh5 8. 0-0 c4 9. b3 Nge7 10. bxc4 dxc4 11. Nxc4 0-0-0 12. Nxb6+ axb6 13. Qe2 Rg8 14. Ba3 1-0

[Event "FICGS class F 000033 email"]
[Site "FICGS email"]
[Date "2007.04.08"]
[Round "1"]
[White "Schafer, Banner"]
[Black "Nagy, Attila"]
[Result "1-0"]
[WhiteElo "1259"]
[BlackElo "1300"]
[PlyCount "61"]
[EventDate "2007.??.??"]
[EventType "tourn (corr)"]
[EventRounds "5"]
[SourceTitle "Corr 2022"]
[Source "ChessBase"]
[SourceDate "2021.10.24"]
[SourceVersion "1"]
[SourceVersionDate "2021.10.24"]
[SourceQuality "1"]

1. d4 d5 2. c4 c6 3. Nf3 Nf6 4. e3 e6 5. c5 b6 6. b4 a5 7. Qa4 Bb7 8. b5 bxc5 9. Ne5 c4 10. bxc6 Nxc6 11. Nxc6 Qd7 12. Qc2 Bxc6 13. Nc3 Bb4 14. Be2 Ba4 15. Qb2 Ne4 16. Bd2 Nxd2 17. Qxd2 0-0 18. 0-0 Rfb8 19. e4 Bxc3 20. Qxc3 Rb7 21. exd5 exd5 22. Bd1 Bxd1 23. Rfxd1 a4 24. Rab1 Rab8 25. Qc2 g6 26. Rxb7 Rxb7 27. g3 Qb5 28. Kg2 a3 29. Qc3 Qb4 30. Rc1 Qa4 31. Re1 1-0

[Event "FICGS class E 000043 email"]
[Site "FICGS email"]
[Date "2007.04.04"]
[Round "1"]
[White "Nagy, Attila"]
[Black "Briceno, Jose"]
[Result "1-0"]
[WhiteElo "1300"]
[BlackElo "1400"]
[PlyCount "51"]
[EventDate "2007.??.??"]
[EventType "tourn (corr)"]
[EventRounds "5"]
[SourceTitle "Corr 2022"]
[Source "ChessBase"]
[SourceDate "2021.10.24"]
[SourceVersion "1"]
[SourceVersionDate "2021.10.24"]
[SourceQuality "1"]

1. e4 d5 2. exd5 Qxd5 3. Nc3 Qd6 4. d4 Nf6 5. Nf3 c6 6. h3 Bf5 7. Bc4 e6 8. 0-0 Nbd7 9. Re1 0-0-0 10. a4 Qb4 11. Bd3 Bxd3 12. Qxd3 Nc5 13. Qe2 Na6 14. Ne5 Qe7 15. Nxc6 bxc6 16. Qxa6+ Qb7 17. Qxb7+ Kxb7 18. Be3 Bb4 19. Rad1 Nd5 20. Rd3 Ba5 21. Bd2 Nb4 22. Rf3 Rhf8 23. Ne4 Rxd4 24. c3 Rxd2 25. Nxd2 Nd5 26. Rxe6 1-0

[Event "FICGS class E 000043 email"]
[Site "FICGS email"]
[Date "2007.04.04"]
[Round "1"]
[White "Nagy, Attila"]
[Black "Galicza, Pali"]
[Result "1-0"]
[WhiteElo "1300"]
[BlackElo "1400"]
[PlyCount "39"]
[EventDate "2007.??.??"]
[EventType "tourn (corr)"]
[EventRounds "5"]
[SourceTitle "Corr 2022"]
[Source "ChessBase"]
[SourceDate "2021.10.24"]
[SourceVersion "1"]
[SourceVersionDate "2021.10.24"]
[SourceQuality "1"]

1. e4 c6 2. d4 d5 3. f3 e6 4. Nc3 Bb4 5. Bf4 Ne7 6. Nge2 0-0 7. a3 Bd6 8. Qd2 b5 9. Bxd6 Qxd6 10. Ng3 f5 11. e5 Qc7 12. Be2 Nd7 13. Nh5 Nb6 14. Nf4 Nc4 15. Bxc4 dxc4 16. 0-0 Rd8 17. Rfe1 Qb6 18. Rad1 Ng6 19. Nxg6 hxg6 20. Ne2 1-0

[Event "FICGS rapid C 000028 email"]
[Site "FICGS email"]
[Date "2007.04.04"]
[Round "1"]
[White "Stoianov, Stoian"]
[Black "Nagy, Attila"]
[Result "0-1"]
[WhiteElo "1341"]
[BlackElo "1300"]
[PlyCount "40"]
[EventDate "2007.??.??"]
[EventType "tourn (rapid)"]
[EventRounds "4"]
[SourceTitle "Corr 2022"]
[Source "ChessBase"]
[SourceDate "2021.10.24"]
[SourceVersion "1"]
[SourceVersionDate "2021.10.24"]
[SourceQuality "1"]

1. e4 d5 2. exd5 Qxd5 3. Nc3 Qa5 4. Qf3 Nf6 5. Bc4 Nc6 6. d3 Bg4 7. Qg3 Nd4 8. Bb3 0-0-0 9. Bg5 Qxg5 10. f3 Qe3+ 11. Nge2 Be6 12. f4 Qxg3+ 13. Nxg3 Nxb3 14. cxb3 Rxd3 15. 0-0 Bd7 16. Rae1 e6 17. f5 exf5 18. Nxf5 Bxf5 19. Rxf5 Bb4 20. Rc1 Rhd8 0-1

[Event "FICGS class E 000042 email"]
[Site "FICGS email"]
[Date "2007.04.01"]
[Round "1"]
[White "Nagy, Attila"]
[Black "Cabrera Trujillo, Claudio Tomas"]
[Result "0-1"]
[WhiteElo "1300"]
[BlackElo "1309"]
[PlyCount "42"]
[EventDate "2007.??.??"]
[EventType "tourn (corr)"]
[EventRounds "5"]
[SourceTitle "Corr 2022"]
[Source "ChessBase"]
[SourceDate "2021.10.24"]
[SourceVersion "1"]
[SourceVersionDate "2021.10.24"]
[SourceQuality "1"]

1. e4 c5 2. Nf3 Nc6 3. d4 cxd4 4. c3 dxc3 5. Nxc3 e6 6. Bc4 Bb4 7. 0-0 Nf6 8. Qe2 0-0 9. Rd1 Qe7 10. e5 Ne8 11. Bg5 Qc5 12. Rac1 d5 13. exd6 Nxd6 14. Be7 Nxe7 15. Bb3 Bxc3 16. Rxc3 Qb6 17. Ng5 Ng6 18. h4 Nb5 19. Rg3 Rd8 20. Rxd8+ Qxd8 21. Qxb5 a6 0-1

[Event "FICGS class E 000042 email"]
[Site "FICGS email"]
[Date "2007.04.01"]
[Round "1"]
[White "Nagy, Attila"]
[Black "Kis Kos, Laszlo"]
[Result "1-0"]
[WhiteElo "1300"]
[BlackElo "1332"]
[PlyCount "35"]
[EventDate "2007.??.??"]
[EventType "tourn (corr)"]
[EventRounds "5"]
[SourceTitle "Corr 2022"]
[Source "ChessBase"]
[SourceDate "2021.10.24"]
[SourceVersion "1"]
[SourceVersionDate "2021.10.24"]
[SourceQuality "1"]

1. e4 e5 2. Nf3 Nc6 3. Bb5 a6 4. Bxc6 dxc6 5. 0-0 f6 6. d4 exd4 7. Nxd4 c5 8. Nb3 Qxd1 9. Rxd1 Bg4 10. f3 Bd7 11. Nc3 b6 12. Bf4 0-0-0 13. Nd5 c4 14. Nd4 Ne7 15. Bxc7 Re8 16. Bxb6 Nxd5 17. exd5 Kb7 18. Ba5 1-0

[Event "FICGS class F 000032 email"]
[Site "FICGS email"]
[Date "2007.03.29"]
[Round "1"]
[White "Lorena, June"]
[Black "Nagy, Attila"]
[Result "0-1"]
[WhiteElo "1400"]
[BlackElo "1300"]
[PlyCount "36"]
[EventDate "2007.??.??"]
[EventType "tourn (corr)"]
[EventRounds "5"]
[SourceTitle "Corr 2022"]
[Source "ChessBase"]
[SourceDate "2021.10.24"]
[SourceVersion "1"]
[SourceVersionDate "2021.10.24"]
[SourceQuality "1"]

1. Nc3 Nf6 2. g3 d5 3. Nf3 c5 4. e3 a6 5. Be2 Nc6 6. 0-0 Bh3 7. Re1 e6 8. Ng5 Bf5 9. a3 h6 10. Nf3 Bd6 11. d4 0-0 12. b4 cxb4 13. axb4 Nxb4 14. Nh4 Bxc2 15. Qd2 Bh7 16. Na4 Nc2 17. Bb2 Nxe1 18. Rxe1 Rc8 0-1

[Event "FICGS class F 000032 email"]
[Site "FICGS email"]
[Date "2007.03.29"]
[Round "1"]
[White "Loridon, Geoffroy"]
[Black "Nagy, Attila"]
[Result "0-1"]
[WhiteElo "1000"]
[BlackElo "1300"]
[PlyCount "94"]
[EventDate "2007.??.??"]
[EventType "tourn (corr)"]
[EventRounds "5"]
[SourceTitle "Corr 2022"]
[Source "ChessBase"]
[SourceDate "2021.10.24"]
[SourceVersion "1"]
[SourceVersionDate "2021.10.24"]
[SourceQuality "1"]

1. d4 d5 2. Nc3 c6 3. Nf3 Nf6 4. Bf4 Na6 5. e3 Bg4 6. h3 Bxf3 7. gxf3 e6 8. Rg1 Nh5 9. Be5 Nf6 10. Na4 Qa5+ 11. c3 b5 12. b4 Qxa4 13. f4 Qxd1+ 14. Kxd1 Kd7 15. a3 Nc7 16. Bxc7 Kxc7 17. Rg5 Ne4 18. Rg2 Nxc3+ 19. Kc2 Ne4 20. f3 g6 21. fxe4 a5 22. bxa5 Rxa5 23. exd5 exd5 24. h4 Be7 25. Rh2 Rha8 26. Kb2 Rxa3 27. Rc1 Ra2+ 28. Kb1 Rxh2 29. Re1 Rh1 30. Kb2 Ra3 31. Ra1 Rxa1 32. Kxa1 Rxf1+ 33. Kb2 c5 34. dxc5 Bxc5 35. h5 Bxe3 36. hxg6 hxg6 37. Kb3 Bxf4 38. Kb4 g5 39. Kxb5 d4 40. Kc4 Be3 41. Kd3 Kd6 42. Ke4 Ke6 43. Kd3 f5 44. Ke2 Rh1 45. Kd3 g4 46. Ke2 f4 47. Kd3 f3 0-1

[Event "FICGS class F 000032 email"]
[Site "FICGS email"]
[Date "2007.03.29"]
[Round "1"]
[White "Nagy, Attila"]
[Black "Woodcock, Graham"]
[Result "1-0"]
[WhiteElo "1300"]
[BlackElo "1289"]
[PlyCount "55"]
[EventDate "2007.??.??"]
[EventType "tourn (corr)"]
[EventRounds "5"]
[SourceTitle "Corr 2022"]
[Source "ChessBase"]
[SourceDate "2021.10.24"]
[SourceVersion "1"]
[SourceVersionDate "2021.10.24"]
[SourceQuality "1"]

1. e4 c5 2. d4 cxd4 3. c3 dxc3 4. Nxc3 e5 5. Bc4 g6 6. Nf3 Nc6 7. Qb3 Bb4 8. Bxf7+ Kf8 9. Bxg8 Rxg8 10. Bh6+ Rg7 11. Bxg7+ Kxg7 12. 0-0 d6 13. Rad1 Bg4 14. Nd5 Bxf3 15. Qxf3 Rc8 16. Nxb4 Nxb4 17. Qb3 a5 18. Kh1 b6 19. f4 exf4 20. Rxf4 Rc7 21. Rdf1 Qg5 22. Rf7+ Rxf7 23. Qxf7+ Kh6 24. a3 Nc2 25. Qf8+ Kh5 26. Qc8 Ne3 27. Qh3+ Qh4 28. Qxe3 1-0